000 00923nam a22002417a 4500
008 240619b mp ||||| |||| 00| 0 mon d
020 _a978-99973-1-112-2
035 _a24305
040 _aUV1862160
_bmon
_cMN-UlNLM
_dMN-UlNLM
_erda
041 _amon
042 _a54278
082 _210-t
_a891.7
_bС.96
100 _aАнна Сьюэлл
245 0 _aХилэн хар
264 _aУБ
_bАдмон принт ХХК
_c2015
300 _a335х.
336 _2rdacontent
_atext
_btxt
337 _2rdamedia
_aunmediated
_bn
338 _2rdacarrier
_avolume
_bnc
650 _aЗохиогч Анна Сьюэлл 12 настайгаасаа ажилчдын хүүхдүүдэд ном уншиж өгдөг байжээ. Тэрээр "Хилэн хар" зохиолоо долоон жилийн турш б...
942 _210-t
_cBK
999 _c925334
_d925391